| 000 | 01654 a2200241 4500 | ||
|---|---|---|---|
| 001 | 60521 | ||
| 005 | 20260407155856.0 | ||
| 008 | 260407a2006 arg spa d | ||
| 003 | AR-UNSa-BCEJYS | ||
| 040 |
_aAR-UNSa-BCEJYS _bspa _cAR-UNSa-BCEJYS |
||
| 080 |
_a304.4 _xAspectos generales de las políticas y prácticas sociales y culturales (política social) |
||
| 245 | 1 | 0 |
_aPolíticas sociales y acción local _p10 estudios de caso |
| 020 | _a978-987-95115-6-5 | ||
| 264 | 1 |
_aBuenos Aires : _bIDES _c2006 |
|
| 300 |
_a349 p. _c21 cm. |
||
| 505 | _a1. Repensando las relaciones sociales locales / Carlos H. Acuña, Elizabeth Jelin y Gabriel Kessler - 2. Tensiones y conflictos de la participación social en el planeamiento estratégico de ciudades / Alicia González Andrada – 3. Participación social y comunitaria en el fortalecimiento de la atención primaria de la salud / Sebastián Essayag – 4. Las ONG en el campo de la salud sexual y reproductiva / Nina Zamberlin – 5. Violencia familiar en la ciudad de Buenos Aires / Mabel López Oliva – 6. El ambiguo valor de una herencia / Sergio Caggiano – 7. Acción cultural y trabajo comunitario en dos barrios del gran Buenos Aires / Carla Muriel del Cueto – 8. ¿El trueque es lo mismo para todos? / Mariana Luzzi – 9. De conflictos y negociaciones / Gabriela Wyczykier – 10. Sociedad y Estado: una relación compleja / Laura Mombello – 11. La larga historia de una política social / Pablo Bonaldi - | ||
| 041 | _aspa | ||
| 942 | _cBK | ||
| 590 | _aniveau_biblio:m niveau_hierar:0 | ||
| 100 | 1 | _aAcuña, Carlos H. | |
| 700 | 1 | _aJelin, Elizabeth | |
| 700 | 1 | _aKessler, Gabriel | |
| 999 |
_c7031 _d7031 |
||